000 00597nam a2200229Ia 4500
003 OSt
005 20220918174957.0
006 a|||||r|||| 00| 0
007 ta
008 220917b |||||||| |||| 00| 0 eng d
024 _a14,963
037 _cTextual
040 _aARTS
_cARTS
_beng
041 _2eng
_aeng
082 _aND44,9(Q:45), N5.1-.2
100 _aKrishna Deva
_952366
245 0 _aTemples of India
260 _aNew Delhi
_bAryan Book
_c1995
650 _aARTS
942 _hND44,9(Q:45), N5.1-.2
_cTEXL
_2CC
999 _c155423
_d155423